000 00450nam a2200181Ia 4500
001 13312
005 20260306164752.0
008 260306t2004||||xx |||||||||||||| ||spa||
041 _aESP
082 _a001.42
_bO69
100 _aOrna, Elisabeth
_eAUT
245 0 _aCómo usar la información en trabajos de investigación
260 _c2004
300 _a238 páginas :
_c24 cm.
650 _aGEN
654 _aCHU
942 _cLIB
_dJUS
_fJUS
_2ddc
_n
999 _c13312
_d13312